000 00739cam a22002291 4500
001 he 68000156
003 DLC
005 20260227111452.0
008 840306s1965 is 000 0 heb
010 _ahe 68000156
035 _a(OCoLC)19137103
040 _aDLC
_cMH
_dDLC
050 0 0 _aBJ1287.J83
_bS4 1965
100 0 _aJudah ben Samuel,
_dapproximately 1150-1217.
245 1 0 _aSefer ḥasidim :
_bʻim shene perushim /
_c... Daṿid Apṭerod ... Daṿid Azulaʼi.
260 _aJerusalem :
_bLeṿin-Epshṭayn,
_c726 [1965 or 1966]
300 _a223, 25, 37 p. ;
_c23 cm.
650 0 _aJewish ethics.
700 1 _aAbetrode, David,
_d-1728.
700 1 _aAzulai, Hayyim Joseph David,
_d1724-1806.
752 _aIsrael
_dJerusalem
999 _c32834
_d32834